Grandes vultos brasileiros (Record no. 140155)

MARC details
000 -LÍDER
campo de controle de tamanho fixo 00867 a2200181 4500
001 - NÚMERO DE CONTROLE
campo de controle 140155
040 ## - FONTE DA CATALOGAÇÃO
Instituição que transcreveu o registro Leonardo Da Vinci
041 ## - CÓDIGO DE IDIOMA
Código do idioma do texto/trilha sonora ou título diferente Português
082 ## - CDD - CLASSIFICAÇÃO DECIMAL DE DEWEY
Número de Classificação 928 G779g
Número do exemplar G779g
245 ## - TÍTULO
Título Grandes vultos brasileiros
250 ## - EDIÇÃO
Edição v.2
260 ## - PUBLICAÇÃO, DISTRIBUIÇÃO, ETC.
Nome do editor, distribuidor, etc. Livraria Jacomo
Data da publicação, distribuição, etc. 19--
Local de publicação, distribuição, etc. São Paulo
300 ## - DESCRIÇÃO FÍSICA
Extensão 245
362 ## - DATAS DE PUBLICAÇÃO E/OU DESIGNAÇÃO SEQUENCIAL
Datas de publicação e/ou designação sequencial 19--0000
490 ## - TÍTULO DA SÉRIE
Título da série Grandes vultos brasileiros
697 ## - ENTRADA DE ASSUNTO LOCAL--ENTIDADE COLETIVA (RLIN)
Nome corporativo ou nome da jurisdição Biografia
-- Artistas brasileiros
-- Personalidades
-- Políticos
-- Euclides da Cunha
-- Antonio Gonçalves Dias
-- Alberto Santos Dumont
-- Hermes Rodrigues da Fonseca
-- Manuel Deodoro da Fonseca
-- Carlos Gomes
-- João Goulart
-- Sérgio Buarque de holanda
-- Jucelino Kubitchek
-- Antonio Francisco Lisboa
-- Aleijadinho
-- Joaquim Marques Lisboa
-- Tamandaré
-- Monteiro Lobato
-- Mauá
-- Emílio Garrastazu Médici
-- Prudente de Morais
-- Joaquim Nabuco
-- Ana Néri
-- Fernão Dias Pais
-- Brasil
942 ## - ELEMENTOS DE ENTRADA ADICIONADOS (KOHA)
Tipo de material Koha Livros
Holdings
Situação do descarte Situação das perdas Situação física Não pode ser emprestado Biblioteca de origem Biblioteca atual Data de aquisição Total de empréstimos Número de chamada completo Código de barras Data de último acesso Data do preço efetivo Tipo de material Koha
        Leonardo Da Vinci - Osasco Leonardo Da Vinci - Osasco 27/03/2024   928 G779g O005399 27/03/2024 27/03/2024 Livros
        Leonardo Da Vinci - Osasco Leonardo Da Vinci - Osasco 27/03/2024   928 G779g O005400 27/03/2024 27/03/2024 Livros